The voyage of Italy, or, A compleat journey through Italy : in two parts with the characters of the people, and the description of the chief towns, churches, monasteries, tombs, libraries, palaces, villa's, gardens, pictures, statues, and antiquities : as also of the interest, government, riches, force, &c. of all the princes : with instructions concerning travel /

Bibliographic Details
Main Author: Lassels, Richard, 1603?-1668
Other Authors: S. W. (Simon Wilson)
Format: eBook
Language:English
Published: London : Printed for R.C., F.R. and A.C. ..., and are to be sold by Charles Shortgrave ..., 1686.
Series:Early English books online.
Subjects:
Online Access:Connect to the full text of this electronic book

MARC

Tag First Indicator Second Indicator Subfields
LEADER 00000nam a2200000Ia 4500
001 in00004240313
005 20200807093903.0
006 m g d
007 cr bn |||a|bb|
008 850514s1686 enk o 001 | eng d
035 |a (OCoLC)12033795 
040 |a EAA  |c EAA  |d m/c  |d WaOLN 
037 |a CL0037000016  |b ProQuest Information and Learning. 300 N. Zeeb Rd., Ann Arbor, MI 48106 
043 |a e-it--- 
049 |a UMIA 
100 1 |a Lassels, Richard,  |d 1603?-1668. 
245 0 4 |a The voyage of Italy, or, A compleat journey through Italy :  |b in two parts with the characters of the people, and the description of the chief towns, churches, monasteries, tombs, libraries, palaces, villa's, gardens, pictures, statues, and antiquities : as also of the interest, government, riches, force, &c. of all the princes : with instructions concerning travel /  |c by Richard Lassels, Gent. who travelled through Italy five times as tutor to several of the English nobility and gentry ; never before extant. 
260 |a London :  |b Printed for R.C., F.R. and A.C. ..., and are to be sold by Charles Shortgrave ...,  |c 1686. 
300 |a 1 online resource (2 parts ([39], 160; 272, [3] pages) 
336 |a text  |b txt  |2 rdacontent 
337 |a computer  |b c  |2 rdamedia 
338 |a online resource  |b cr  |2 rdacarrier 
500 |a Marginal notes. 
500 |a "A table of the names ..." [id est index]: preliminary pages [38]-[39] and pages [1]-[3] at end. 
500 |a Part 1 has added t.p., engraved. 
500 |a Part 2 has special t.p. which reads: The voyage of Italy ... By Richard Lassels, gent. Opus posthumum. Corrected and set forth by his old friend and fellow traveller S[imon] W[ilson]. 
500 |a 1st edition, Paris, 1670. 
500 |a Reproduction of original in Huntington Library. 
510 4 |a Wing  |c L466 
533 |a Electronic reproduction.  |b Ann Arbor, Mich. :  |c UMI,  |d 1999-  |f (Early English books online)  |n Digital version of: (Early English books, 1641-1700 ; 569:11)  |7 s1999 miun s 
651 0 |a Italy  |x Description and travel. 
700 0 |a S. W.  |q (Simon Wilson) 
740 0 |a Voyage of Italy. 
740 0 |a Compleat journey through Italy. 
830 0 |a Early English books online. 
856 4 0 |u http://proxy.library.tamu.edu/login?url=https://search.proquest.com/docview/2248535180  |z Connect to the full text of this electronic book  |t 0 
999 f f |s c512f6a5-14a7-307a-99d1-6e796988c928  |i 3e3248d1-6f5d-3827-b297-0639a267c521  |t 0 
952 f f |a Texas A&M University  |b College Station  |c Electronic Resources  |d Available Online  |t 0  |h No information provided 
998 f f |t 0  |l Available Online